000 00475cam a2200193ua 4500
020 _a0-85226-921-87
_c60.00
041 _aeng
_h
082 _a512
_bVAT/EL
100 _aVatssa, B.S .
245 _aElements of modern algebra /
_cB.S Vatssa.
_hTextual Documents
250 _a3 /
_b.
260 _aNew Delhi :
_bWiley Eastern Ltd ,
_c1994.
300 _a250 ; .
365 _a60.00
504 _a
942 _cBK
999 _c9153
_d9153